000 00582nam a2200157 i 4500
001 46235
003 ES-MaACL
005 20230906161339.0
007 t|
008 030328s1920 ag ||||1| spa d
111 2 _aConferencia Nacional de Profilaxis Antituberculosa (
_d1919.
_cRosario)
_9219
245 1 0 _aSegunda Conferencia Nacional de Profilaxis Antituberculosa, 6 a 8 de septiembre de 1919
_b: actas y trabajos.
260 _aRosario de Santa Fé :
_b[s.n.,
_c1920] (
_fTalls. de la Bca. Argentina)
300 _a3 v., 31 lám. :
_bil. ;
_c26 cm.
852 _aES-MaACL
_jE-1402-4
999 _c46235
_d46235